000 00775caa a22002417a 4500
999 _c410011
_d410011
001 123160
003 UA-OsUOA
005 20200111215937.0
007 ta
008 20170606b un ||||| |||| 00| 0 ukr d
040 _aUA-OsUOA
_bukr
_cUA-OsUOA
_dUA-OsUOA
041 _aukr
080 _a908
090 _a908
_bШ83
100 _aШпизель Р.
245 _aТяжелая судьба человека
_cР. Шпизель
300 _aС. 174–176
650 7 _a908 Краєзнавство
_2UDC
773 0 _0340235
_9367088
_dОстрог НаУОА 2007
_o113686
_tОстрозький краєзнавчий збірник
_w(UA-OsUOA) 54426
942 _cBKA
_2udc
955 _a1